[Event "Dundee & Angus op Challengers"]
[Site "Dundee"]
[Date "2014.10.11"]
[Round "4"]
[White "Smith, John Sr"]
[Black "Gray, Euan"]
[Result "1/2-1/2"]
[WhiteElo "1794"]
[BlackElo "1546"]
[PlyCount "56"]
[EventDate "2014.10.10"]
[EventType "swiss"]
[EventRounds "5"]
[EventCountry "SCO"]
[SourceTitle "EXT 2017"]
[Source "ChessBase"]
[SourceDate "2016.10.25"]
[SourceVersion "1"]
[SourceVersionDate "2016.10.25"]
[SourceQuality "1"]

1. e4 e5 2. Nf3 Nf6 3. Nc3 Nc6 4. Bc4 Nxe4 5. Bxf7+ Kxf7 6. Nxe4 d5 7. Neg5+ Kg8 8. d3 h6 9. Nh3 Bg4 10. Nhg1 Qf6 11. h3 Be6 12. Be3 Rd8 13. Ne2 Be7 14. c3 d4 15. cxd4 Bb4+ 16. Nd2 exd4 17. Bf4 Bf5 18. 0-0 Kh7 19. Nf3 Bd6 20. Bxd6 Rxd6 21. Ng3 Re8 22. Nxf5 Qxf5 23. Re1 Rxe1+ 24. Nxe1 Ne5 25. Rc1 Rg6 26. Qe2 c5 27. b3 b6 28. Rd1 Re6 1/2-1/2

[Event "Dundee & Angus op Challengers"]
[Site "Dundee"]
[Date "2012.10.14"]
[Round "5"]
[White "Deary, Daniel"]
[Black "Smith, John Sr"]
[Result "0-1"]
[WhiteElo "1649"]
[BlackElo "1745"]
[PlyCount "94"]
[EventDate "2012.10.12"]
[EventType "swiss"]
[EventRounds "5"]
[EventCountry "SCO"]
[SourceTitle "EXT 2017"]
[Source "ChessBase"]
[SourceDate "2016.10.25"]
[SourceVersion "1"]
[SourceVersionDate "2016.10.25"]
[SourceQuality "1"]

1. e4 c5 2. Nc3 Nc6 3. f4 e6 4. Nf3 d5 5. Bb5 Nge7 6. exd5 exd5 7. Qe2 a6 8. Bxc6+ bxc6 9. Ne5 Qd6 10. d3 h5 11. Bd2 Bf5 12. 0-0-0 f6 13. Nf3 Kd7 14. h3 h4 15. Qf2 Ng6 16. Ne2 Rb8 17. g4 hxg3 18. Nxg3 Ne7 19. Rde1 g6 20. Nxf5 Nxf5 21. Re2 Re8 22. Rxe8 Kxe8 23. h4 Rh5 24. Ng1 Bh6 25. Ne2 Kf7 26. Ng3 Rxh4 27. Rxh4 Nxh4 28. Ne4 dxe4 29. Qxh4 Kg7 30. dxe4 Qd4 31. Qe1 g5 32. Bc3 Qc4 33. e5 Qxf4+ 34. Kb1 Kf7 35. exf6 Bf8 36. Qh1 Kg6 37. b3 g4 38. Qxc6 Bh6 39. Qe8+ Kg5 40. f7 Kh4 41. Qe1+ g3 42. Qh1+ Kg4 43. Qd1+ Qf3 44. Qxf3+ Kxf3 45. Be5 g2 46. Bh2 Kf2 47. c4 Kf3 0-1

[Event "Dundee & Angus Congress Major"]
[Site "Dundee"]
[Date "2011.10.16"]
[Round "5"]
[White "Smith, John Sr"]
[Black "Heathcote, Colin"]
[Result "1/2-1/2"]
[WhiteElo "1628"]
[BlackElo "1509"]
[PlyCount "87"]
[EventDate "2011.10.14"]
[EventType "swiss"]
[EventRounds "5"]
[EventCountry "SCO"]
[SourceTitle "EXT 2023"]
[Source "ChessBase"]
[SourceDate "2022.10.05"]
[SourceVersion "1"]
[SourceVersionDate "2022.10.05"]
[SourceQuality "1"]

1. e4 c5 2. Nc3 d6 3. Nf3 Nc6 4. d4 cxd4 5. Nxd4 Nf6 6. Be2 e6 7. Be3 Be7 8. Qd2 a6 9. 0-0 0-0 10. Kh1 Nxd4 11. Bxd4 e5 12. Be3 b5 13. a3 Bb7 14. f3 Rc8 15. Rad1 Qc7 16. Bg5 Rfd8 17. Bxf6 Bxf6 18. Bd3 Kh8 19. f4 d5 20. exd5 Bxd5 21. fxe5 Bxe5 22. Nxd5 Rxd5 23. Qg5 g6 24. c3 Rcd8 25. Bc2 f6 26. Qh4 Rxd1 27. Bxd1 Rd2 28. Qh6 Qd6 29. Bf3 Bf4 30. Qh3 f5 31. Qh4 Rxb2 32. Re1 Be5 33. Qh6 Kg8 34. Rd1 Qf6 35. Bd5+ Kh8 36. Re1 Rc2 37. Qe3 Rxc3 38. Qe2 Rc8 39. g3 Re8 40. Qc2 Qd6 41. Bg2 Qxa3 42. Qc6 Qe7 43. Qxa6 Qb4 44. Rd1 1/2-1/2

[Event "FICGS theme 0000 email"]
[Site "FICGS email"]
[Date "2009.11.08"]
[Round "1"]
[White "Smith, John Sr"]
[Black "Parmet, Daniel Edward"]
[Result "0-1"]
[WhiteElo "1800"]
[BlackElo "1962"]
[PlyCount "22"]
[EventDate "2009.??.??"]
[EventType "swiss (corr)"]
[EventRounds "1"]
[SourceTitle "Corr 2022"]
[Source "ChessBase"]
[SourceDate "2021.10.24"]
[SourceVersion "1"]
[SourceVersionDate "2021.10.24"]
[SourceQuality "1"]

1. e4 c6 2. d4 d5 3. Nc3 dxe4 4. Nxe4 Bf5 5. Ng3 Bg6 6. h4 h6 7. h5 Bh7 8. Nf3 Nd7 9. Bd3 Bxd3 10. Qxd3 Ngf6 11. Bd2 e6 0-1

[Event "FICGS theme 0000 email"]
[Site "FICGS email"]
[Date "2009.11.03"]
[Round "1"]
[White "Smith, John Sr"]
[Black "Colarina, Floram"]
[Result "0-1"]
[WhiteElo "1800"]
[BlackElo "1598"]
[PlyCount "20"]
[EventDate "2009.??.??"]
[EventType "swiss (corr)"]
[EventRounds "1"]
[SourceTitle "Corr 2022"]
[Source "ChessBase"]
[SourceDate "2021.10.24"]
[SourceVersion "1"]
[SourceVersionDate "2021.10.24"]
[SourceQuality "1"]

1. e4 c6 2. d4 d5 3. exd5 cxd5 4. Bd3 Nc6 5. c3 e5 6. dxe5 Nxe5 7. Qe2 Qe7 8. Bb5+ Bd7 9. Bxd7+ Nxd7 10. Be3 g6 0-1

[Event "FICGS W-ch st1 g10 email"]
[Site "FICGS email"]
[Date "2009.11.02"]
[Round "1"]
[White "Simmelink, Joop Theo"]
[Black "Smith, John Sr"]
[Result "1-0"]
[WhiteElo "2184"]
[BlackElo "1800"]
[PlyCount "23"]
[EventDate "2009.??.??"]
[EventType "tourn (corr)"]
[EventRounds "8"]
[SourceTitle "Corr 2022"]
[Source "ChessBase"]
[SourceDate "2021.10.24"]
[SourceVersion "1"]
[SourceVersionDate "2021.10.24"]
[SourceQuality "1"]

1. e4 c6 2. d4 d5 3. e5 Bf5 4. Nf3 e6 5. Be2 c5 6. 0-0 Ne7 7. c4 Nbc6 8. Na3 Ng6 9. Be3 cxd4 10. Nxd4 Bxa3 11. cxd5 Bxb2 12. dxc6 1-0

[Event "FICGS W-ch st1 g10 email"]
[Site "FICGS email"]
[Date "2009.11.02"]
[Round "1"]
[White "Smith, John Sr"]
[Black "Von Buttlar, Paul"]
[Result "0-1"]
[WhiteElo "1800"]
[BlackElo "1726"]
[PlyCount "20"]
[EventDate "2009.??.??"]
[EventType "tourn (corr)"]
[EventRounds "8"]
[SourceTitle "Corr 2022"]
[Source "ChessBase"]
[SourceDate "2021.10.24"]
[SourceVersion "1"]
[SourceVersionDate "2021.10.24"]
[SourceQuality "1"]

1. d4 d5 2. c4 e6 3. Nc3 c6 4. e3 Nf6 5. Nf3 Bd6 6. Bd3 dxc4 7. Bxc4 b5 8. Bd3 Bb7 9. e4 Bc7 10. 0-0 a6 0-1

[Event "Dundee & Angus op Challengers"]
[Site "Dundee"]
[Date "2009.10.17"]
[Round "2"]
[White "Smith, John Sr"]
[Black "Gillespie, David Mcphail"]
[Result "1-0"]
[WhiteElo "1678"]
[BlackElo "1596"]
[PlyCount "75"]
[EventDate "2009.10.16"]
[EventType "swiss"]
[EventRounds "5"]
[EventCountry "SCO"]
[SourceTitle "EXT 2017"]
[Source "ChessBase"]
[SourceDate "2016.10.25"]
[SourceVersion "1"]
[SourceVersionDate "2016.10.25"]
[SourceQuality "1"]

1. e4 d5 2. exd5 Qxd5 3. Nc3 Qa5 4. d4 Nf6 5. Bd3 c6 6. Nf3 Bg4 7. 0-0 e6 8. Bf4 Be7 9. h3 Bxf3 10. Qxf3 Qb4 11. Nb5 Nd5 12. c3 Qa5 13. Nd6+ Bxd6 14. Bxd6 Nd7 15. Qg3 g6 16. Qh4 Qd8 17. Qh6 Qf6 18. Rfe1 0-0-0 19. a4 Ne7 20. g4 Nd5 21. Be4 g5 22. Qxf6 N5xf6 23. Bf3 Rde8 24. a5 a6 25. c4 h5 26. b4 hxg4 27. hxg4 Rh4 28. Bg3 Rh3 29. b5 Nb8 30. Rac1 Kd7 31. Kg2 Rh6 32. Rb1 Rhh8 33. Be5 Rh6 34. bxa6 Nxa6 35. Rxb7+ Kc8 36. Rxf7 Nd7 37. Bxc6 Nxe5 38. Rxe5 1-0

[Event "FICGS class C 000087 email"]
[Site "FICGS email"]
[Date "2009.10.01"]
[Round "1"]
[White "Tanda, Giovanni"]
[Black "Smith, John Sr"]
[Result "1-0"]
[WhiteElo "1957"]
[BlackElo "1800"]
[PlyCount "21"]
[EventDate "2009.??.??"]
[EventType "tourn (corr)"]
[EventRounds "1"]
[SourceTitle "Corr 2022"]
[Source "ChessBase"]
[SourceDate "2021.10.24"]
[SourceVersion "1"]
[SourceVersionDate "2021.10.24"]
[SourceQuality "1"]

1. d4 d5 2. Bf4 Nf6 3. e3 e6 4. Nd2 Bd6 5. Bg3 0-0 6. Bd3 b6 7. c3 c5 8. Ngf3 Bb7 9. Ne5 Nc6 10. f4 cxd4 11. exd4 1-0

[Event "FICGS theme 0000 email"]
[Site "FICGS email"]
[Date "2009.09.26"]
[Round "1"]
[White "Smith, John Sr"]
[Black "Ellis, Maurice"]
[Result "0-1"]
[WhiteElo "1800"]
[BlackElo "1800"]
[PlyCount "20"]
[EventDate "2009.??.??"]
[EventType "swiss (corr)"]
[EventRounds "1"]
[SourceTitle "Corr 2022"]
[Source "ChessBase"]
[SourceDate "2021.10.24"]
[SourceVersion "1"]
[SourceVersionDate "2021.10.24"]
[SourceQuality "1"]

1. d4 f5 2. g3 e6 3. c4 Nf6 4. Bg2 Nc6 5. Nf3 d5 6. cxd5 Nxd5 7. Bg5 Be7 8. Bxe7 Qxe7 9. 0-0 0-0 10. Nc3 Rb8 0-1

[Event "FICGS theme 0000 email"]
[Site "FICGS email"]
[Date "2009.09.10"]
[Round "1"]
[White "Pernigotti, Nico"]
[Black "Smith, John Sr"]
[Result "1-0"]
[WhiteElo "1600"]
[BlackElo "1800"]
[PlyCount "21"]
[EventDate "2009.??.??"]
[EventType "swiss (corr)"]
[EventRounds "1"]
[SourceTitle "Corr 2022"]
[Source "ChessBase"]
[SourceDate "2021.10.24"]
[SourceVersion "1"]
[SourceVersionDate "2021.10.24"]
[SourceQuality "1"]

1. d4 Nf6 2. c4 e5 3. dxe5 Ne4 4. Nf3 b6 5. e3 Bb7 6. Nc3 Bb4 7. Qc2 d6 8. Bd3 Nc5 9. Be2 Be4 10. 0-0 Bxc2 11. Bd1 1-0

[Event "FICGS theme 0000 email"]
[Site "FICGS email"]
[Date "2009.09.10"]
[Round "1"]
[White "Smith, John Sr"]
[Black "Bhandarkar, Dinesh"]
[Result "0-1"]
[WhiteElo "1800"]
[BlackElo "1726"]
[PlyCount "30"]
[EventDate "2009.??.??"]
[EventType "swiss (corr)"]
[EventRounds "1"]
[SourceTitle "Corr 2022"]
[Source "ChessBase"]
[SourceDate "2021.10.24"]
[SourceVersion "1"]
[SourceVersionDate "2021.10.24"]
[SourceQuality "1"]

1. d4 Nf6 2. c4 e5 3. dxe5 Ng4 4. Bf4 Nc6 5. Nf3 Bb4+ 6. Nbd2 Qe7 7. e3 Ngxe5 8. Nxe5 Nxe5 9. Be2 d6 10. 0-0 0-0 11. Nb3 Ng6 12. Bg3 Be6 13. a3 Bc5 14. Nxc5 dxc5 15. Qc2 Rad8 0-1

[Event "FICGS theme 0000 email"]
[Site "FICGS email"]
[Date "2009.09.02"]
[Round "1"]
[White "Hase, Pavel"]
[Black "Smith, John Sr"]
[Result "1-0"]
[WhiteElo "2169"]
[BlackElo "1800"]
[PlyCount "21"]
[EventDate "2009.??.??"]
[EventType "swiss (corr)"]
[EventRounds "1"]
[SourceTitle "Corr 2022"]
[Source "ChessBase"]
[SourceDate "2021.10.24"]
[SourceVersion "1"]
[SourceVersionDate "2021.10.24"]
[SourceQuality "1"]

1. d4 Nf6 2. c4 c5 3. d5 b5 4. Nd2 bxc4 5. e4 c3 6. bxc3 g6 7. Ngf3 d6 8. Bd3 Bg7 9. 0-0 0-0 10. Rb1 Nbd7 11. Re1 1-0

[Event "FICGS theme 0000 email"]
[Site "FICGS email"]
[Date "2009.09.02"]
[Round "1"]
[White "Smith, John Sr"]
[Black "Parmet, Daniel Edward"]
[Result "0-1"]
[WhiteElo "1800"]
[BlackElo "1962"]
[PlyCount "26"]
[EventDate "2009.??.??"]
[EventType "swiss (corr)"]
[EventRounds "1"]
[SourceTitle "Corr 2022"]
[Source "ChessBase"]
[SourceDate "2021.10.24"]
[SourceVersion "1"]
[SourceVersionDate "2021.10.24"]
[SourceQuality "1"]

1. d4 Nf6 2. c4 c5 3. d5 b5 4. Nf3 g6 5. cxb5 a6 6. b6 d6 7. Nc3 Nbd7 8. a4 Qxb6 9. e4 Bg7 10. Nd2 0-0 11. Nc4 Qc7 12. Be2 Nb6 13. Ne3 a5 0-1

[Event "FICGS class C 000123 email"]
[Site "FICGS email"]
[Date "2009.09.01"]
[Round "1"]
[White "Panov, Dmitriy"]
[Black "Smith, John Sr"]
[Result "1-0"]
[WhiteElo "1628"]
[BlackElo "1800"]
[PlyCount "43"]
[EventDate "2009.??.??"]
[EventType "tourn (corr)"]
[EventRounds "4"]
[SourceTitle "Corr 2022"]
[Source "ChessBase"]
[SourceDate "2021.10.24"]
[SourceVersion "1"]
[SourceVersionDate "2021.10.24"]
[SourceQuality "1"]

1. e4 c6 2. d4 d5 3. exd5 cxd5 4. c4 e6 5. Nc3 Be7 6. cxd5 exd5 7. Nf3 Nf6 8. h3 0-0 9. Bd3 Nc6 10. 0-0 h6 11. Bf4 Be6 12. a3 Bd6 13. Bxd6 Qxd6 14. Re1 Rfe8 15. b4 Rac8 16. Rc1 Bd7 17. Qd2 a6 18. Rxe8+ Rxe8 19. Re1 Rxe1+ 20. Qxe1 a5 21. b5 Ne7 22. Nb1 1-0

[Event "FICGS no engines 00 email"]
[Site "FICGS email"]
[Date "2009.08.28"]
[Round "1"]
[White "Caeiro, Pedro"]
[Black "Smith, John Sr"]
[Result "1-0"]
[WhiteElo "1400"]
[BlackElo "1800"]
[PlyCount "51"]
[EventDate "2009.??.??"]
[EventType "swiss (corr)"]
[EventRounds "1"]
[SourceTitle "Corr 2022"]
[Source "ChessBase"]
[SourceDate "2021.10.24"]
[SourceVersion "1"]
[SourceVersionDate "2021.10.24"]
[SourceQuality "1"]

1. e4 c6 2. d4 d5 3. e5 Bf5 4. Bd3 Bxd3 5. Qxd3 e6 6. Ne2 c5 7. c4 Nc6 8. cxd5 Qxd5 9. Nf4 Qxd4 10. Qxd4 Nxd4 11. Na3 0-0-0 12. Be3 Nh6 13. Rc1 Kb8 14. Rc4 Nhf5 15. Bxd4 Rxd4 16. Rxd4 Nxd4 17. 0-0 Be7 18. Rd1 Rd8 19. Kf1 Nc6 20. Rxd8+ Bxd8 21. Nd3 Be7 22. f4 h5 23. g3 a6 24. Nc4 Kc7 25. a3 b5 26. Nd2 1-0